<?xml version="1.0" encoding="UTF-8"?>
<record
    xmlns:xsi="http://www.w3.org/2001/XMLSchema-instance"
    xsi:schemaLocation="http://www.loc.gov/MARC21/slim http://www.loc.gov/standards/marcxml/schema/MARC21slim.xsd"
    xmlns="http://www.loc.gov/MARC21/slim">

  <leader>00997nam a22002297a 4500</leader>
  <controlfield tag="005">20140305114618.0</controlfield>
  <controlfield tag="008">140305b2011    ck ||||| ||||a00| 0 spa d</controlfield>
  <datafield tag="022" ind1=" " ind2=" ">
    <subfield code="a">22561854</subfield>
  </datafield>
  <datafield tag="041" ind1=" " ind2=" ">
    <subfield code="a">spa</subfield>
  </datafield>
  <datafield tag="044" ind1=" " ind2=" ">
    <subfield code="a">ck</subfield>
  </datafield>
  <datafield tag="082" ind1=" " ind2=" ">
    <subfield code="a">338.986</subfield>
    <subfield code="b">R59r</subfield>
  </datafield>
  <datafield tag="110" ind1="1" ind2=" ">
    <subfield code="a">aColombia</subfield>
    <subfield code="b">Departamento Nacional de Planeaci&#xF3;n</subfield>
    <subfield code="9">15720</subfield>
  </datafield>
  <datafield tag="245" ind1="1" ind2="0">
    <subfield code="a">Risaralda futuro posible : </subfield>
    <subfield code="b">construcci&#xF3;n social visi&#xF3;n 2032 /</subfield>
    <subfield code="c">Departamento Nacional de Planeaci&#xF3;n</subfield>
  </datafield>
  <datafield tag="260" ind1=" " ind2=" ">
    <subfield code="a">Bogot&#xE1; </subfield>
    <subfield code="b">Departamento Nacional de Planeaci&#xF3;n</subfield>
    <subfield code="b">Gobernaci&#xF3;n de de Risaralda</subfield>
    <subfield code="c">2011</subfield>
  </datafield>
  <datafield tag="300" ind1=" " ind2=" ">
    <subfield code="a">243 p.</subfield>
    <subfield code="b">il., mapas</subfield>
    <subfield code="c">27 cm.</subfield>
  </datafield>
  <datafield tag="490" ind1="0" ind2=" ">
    <subfield code="a">Visi&#xF3;n de desarrollo territorial departamental </subfield>
    <subfield code="v">8</subfield>
  </datafield>
  <datafield tag="650" ind1=" " ind2="4">
    <subfield code="a">Desarrollo econ&#xF3;mico</subfield>
    <subfield code="y">2000-2009</subfield>
    <subfield code="z">Risaralda (Colombia)</subfield>
    <subfield code="9">15721</subfield>
  </datafield>
  <datafield tag="650" ind1=" " ind2="4">
    <subfield code="a">Planificaci&#xF3;n regional</subfield>
    <subfield code="y">2000-2009</subfield>
    <subfield code="z">Risaralda (Colombia)</subfield>
    <subfield code="9">15722</subfield>
  </datafield>
  <datafield tag="650" ind1=" " ind2="4">
    <subfield code="a">Conservaci&#xF3;n de los recursos naturales</subfield>
    <subfield code="y">2000-2009</subfield>
    <subfield code="z">Risaralda (Colombia)</subfield>
    <subfield code="9">15723</subfield>
  </datafield>
  <datafield tag="651" ind1=" " ind2="4">
    <subfield code="a">Risaralda (Colombia)</subfield>
    <subfield code="x">Condiciones socioecon&#xF3;micas</subfield>
    <subfield code="y">2000-2009</subfield>
    <subfield code="9">15724</subfield>
  </datafield>
  <datafield tag="942" ind1=" " ind2=" ">
    <subfield code="2">ddc</subfield>
    <subfield code="c">Impreso</subfield>
  </datafield>
  <datafield tag="999" ind1=" " ind2=" ">
    <subfield code="c">8230</subfield>
    <subfield code="d">8230</subfield>
  </datafield>
  <datafield tag="952" ind1=" " ind2=" ">
    <subfield code="0">0</subfield>
    <subfield code="1">0</subfield>
    <subfield code="2">ddc</subfield>
    <subfield code="4">0</subfield>
    <subfield code="7">0</subfield>
    <subfield code="8">GENERAL</subfield>
    <subfield code="I">INV2017</subfield>
    <subfield code="a">Bogota</subfield>
    <subfield code="b">Bogota</subfield>
    <subfield code="d">2014-03-05</subfield>
    <subfield code="e">Instituto</subfield>
    <subfield code="g">39000.00</subfield>
    <subfield code="l">0</subfield>
    <subfield code="o">LB-338.986 R59r</subfield>
    <subfield code="p">034054</subfield>
    <subfield code="r">2014-03-05 00:00:00</subfield>
    <subfield code="t">Ej. 1</subfield>
    <subfield code="w">2014-03-05</subfield>
    <subfield code="x">Canje</subfield>
    <subfield code="y">LIBRO</subfield>
  </datafield>
</record>
